Suomalaiset rikospaikat - Statistics

Yleistilastot
  • Tätä visaa on pelattu 59 kertaa
  • Keskiarvotulos 6 / 30
Vastaustilastot
Vuosi Vihje Paikka % Oikein
2006 mies surmattiin kotiinsa; pääepäiltynä ollut vaimo vapautettu, kuuluisa hätäpuhelu "tääl on joku tappaja",
edelleen selvittämätön tapaus
Ulvila
68%
1960 järvi, jonka rannalla tapahtui kolmoismurha Bodominjärvi, Espoo
48%
1959 leirintäalue, jolla tapahtui kahden naisen kaksoismurha Tulilahti, Heinävesi
48%
1953 17-vuotias kotiinsa pyöräillyt tyttö surmattiin Isojoki
41%
1978 Helsinkiin matkalla ollut kone kaapattiin, lennätettiin kahden kaupungin väliä + kerran Amsterdamiin ja takaisin (mistä kone lähti) Oulun lentoasema
36%
1999 16-vuotias koripalloilija katosi, katoamista tutkitaan murhana Tampere
34%
1986 tori, jolle Jakomäen pankkiryöstöstä alkanut takaa-ajo päättyi Mikkeli
30%
1904 kenraalikuvernööri Bobrikov ammuttiin senaatin päärakennuksen portaikkoon;(millä nimellä rakennus tunnetaan nykyään) Valtioneuvoston kanslia
30%
1987 laivan helikopterikannella nukkuneen saksalaispariskunnan kimppuun hyökättiin; mies kuoli, nainen haavoittui
oikeudenkäynti 2021, epäilty vapautettu, rikos selvittämättä
(laivan nimi)
Viking Sally
27%
1994 mainosyrittäjä surmasi purjeveneessä lakimiehen; rikos selvisi 2022(merialue, jolta uhri löydettiin) Airisto
25%
2002 palkkamurha; Helsingissä räjähti autopommi (kaupunginosa) Kamppi
25%
1991,1994 maakunta, jossa surmattin kaksi liftannutta Pia-nimistä tyttöä Etelä-Pohjanmaa
23%
2012 ammuskelu, jossa kuoli 2 ja haavoittu 7 mukaan lukien yksi poliisi Hyvinkää
23%
1960 uunisurma; nainen katosi ja löydettiin 12 vuotta myöhemmin kodin leivinuunin sisään muurattuna
(rikos edelleen selvittämätön)
Krootila,Kokemäki
23%
2016 mies ampui kolme politiikassa vaikuttanutta naista ravintolan edustalle (uhrit satunnaisesti valikoituneita) Imatra
20%
1994 kaupunki, jossa piiritettiin v. 1992 palkkamurhasta tuomion saanutta ja vankilasta paennutta miestä Lahti
20%
1976,1980, 1981 kerrostalon pohjakerroksessa sijaitseva tila, josta löydettiin surmattuna kolme naista (sarjamurhaajateoria) kellari
18%
1990,1991, 1993 tuntematon mies kuljetti naisia hiekkakuopalle tarkoituksena surmata; 1 katosi, 1 surmattiin, 1 pääsi pakoon (sarjamurhaajateoria) (missä hiekkakuopat sijaitsevat) Hikiäntie, Hausjärvi
16%
2022 kaupunginosa, jossa tapahtui postinkantajan surma Myyrmäki, Vantaa
14%
1930 Lapuan liike murhasi sosiaalidemokraattisen kunnallispolitiikon Onni Happosen(paikkakunta, jolta siepattiin) Heinävesi
11%
1964-1965 17-vuotias poika surmasi kaksi naista kuristamalla nailonsukkahousuilla Kuopio
11%
2015 16- ja 17-vuotiaat pojat murhasivat perhekodin työntekijän ja karkasivat Muhos
11%
1997 vankikarkuri ampui kaksi poliisia (helsinkiläinen hotelli, joka ryöstettiin) Palace
9%
1973 lennosto, jossa työskennellyt luutnantti ampui esimiehenä toimineen everstin Tikkakoski
9%
2001 kännykkämurhat; neljä 16-18-vuotiasta miestä houkuttelivat liikemiehen kännykkäkauppojen varjolla mökilleen ja järjestivät väijytyksen; pariskunta ammuttiin ja rahat ryöstettiin Läyliäinen,Loppi
7%
1987 17-vuotias tyttö katosi matkalla Forssan torille (miltä paikkakunnalta lähti) Tammela
7%
1997 "Zorro kiitti" Kurikka
5%
2009 riidan päätteeksi ulos lähtenyt mies päätti surmata ensimmäisenä vastaan tulleen yksin liikkuvan henkilön; uhri viisikymppinen mies puistonpenkilläsurma selvisi vasta 2017 Turku
5%
1955 20-vuotias kauppakoululainen surmattiin (pimeä henkirikos, jota on alettu tutkia uudestaan kahden suomalaisen kirjailijan tehtyä omia tutkimuksia) Kemi
0%
1963 16-vuotias tyttö surmattiin Helsingissä; teosta tuomittiin väärä mies, joka vapautettiin 7,5 vuoden tuomion jälkeen; toinen mies tunnusti teon, mutta perui tunnustuksen oikeudessa; edelleen selvittämättä(mikä kaupunginosa) Kumpula
0%
Ehtoja vastaavia visoja ei löytynyt
Tulosjakauma
Jokaisen tuloksen saaneiden osuus
Persentiili vastausten määrän mukaan
Tuloshistoriasi
Et ole pelannut tätä visaa